Kosovo

Guardado en:
Detalles Bibliográficos
Autor principal: Demekas, Dimitri G.
Otros Autores: Herderschee, Johannes, Jacobs, Davina F.
Formato: Libro
Lenguaje:inglés
Publicado: Washington, D.C. IMF 2002
Materias:
Etiquetas: Agregar Etiqueta
Sin Etiquetas, Sea el primero en etiquetar este registro!

MARC

LEADER 00000nam$a2200000$$$4500
001 0006625
005 20221129101031.1
020 |a 1-58906-098-9 
041 0 |a eng 
044 |a US 
245 1 0 |a Kosovo  |c Dimitri G. Demekas, Johannes Herderschee, Davina F. Jacobs 
264 1 |a Washington, D.C.  |b IMF  |c 2002 
300 |a 26 s. 
610 2 0 |a Juhoslávia 
610 2 0 |a situácia hospodárska 
610 2 0 |a výroba 
610 2 0 |a príjmy 
610 2 0 |a financie verejné 
610 2 0 |a sektor verejný 
610 2 0 |a sektor súkromný 
610 2 0 |a dane 
610 2 0 |a údaje štatistické 
610 2 0 |a porovnanie medzinárodné 
610 2 0 |a Balkán 
610 2 0 |a Kosovo 
100 1 |a Demekas, Dimitri G. 
700 1 |a Herderschee, Johannes 
700 1 |a Jacobs, Davina F.